000 00552nam a2200205Ia 4500
005 20250508161000.0
008 008 250505s9999 xx 000 0 eng d
037 _aTextual
040 _aFEDL
_beng
_cFEDL
041 _aeng
_2eng
084 _a330, AHU
_qFEDL
100 _aAhuja H. L.
245 0 _aAdvanced economic theory: Microeconomic analysis
250 _a4
260 _aRam Nagar, India
_bS Chand and Company
_c1977
300 _aiv,1020p
650 _aEconomics
942 _cTEXL
_h330, AHU
999 _c1367757
_d1367757